| 000 | 00881cam a2200253 a 4500 | ||
|---|---|---|---|
| 001 | 15362 | ||
| 003 | BD-RjUL | ||
| 005 | 20211208235812.0 | ||
| 008 | 140210s1954 enka 000 0 eng c | ||
| 035 | _a(BD-RjUL)15416 | ||
| 040 |
_aWisconsin Univ. Libr. _cFQG _dOCL _dUKM _dBD-RjUL _beng |
||
| 041 | _aeng | ||
| 082 |
_a655.25 _bCHP 1954 |
||
| 100 | 1 |
_aChaundy, T. W. _947733 |
|
| 245 | 1 | 4 |
_aThe printing of mathematics ; _baids for authors and editors and rules for compositors and readers at the University Press, Oxford / _cby T. W. Chaundy. |
| 260 |
_aLondon : _bOxford University Press, _c1954. |
||
| 300 |
_aix, 105 p. : _bill., typog. specimens ; _c25 cm. |
||
| 650 | 0 |
_aPrinting, Practical _vStyle manuals. _947734 |
|
| 650 | 0 |
_aTechnical writing. _91839 |
|
| 710 | 2 |
_aOxford University Press. _99161 |
|
| 942 |
_2ddc _cBK |
||
| 999 |
_c15362 _d15362 |
||